00345 a2200109 4500001001000000005001700010008004100027245006400068100002400132773006200156999001700218ART_3087720260410162004.0260409a 10aMás instrumentos y metas más amplias para el desarrollo1 aStiglitz, Joseph E.0 tInstituciones y desarrollog- Nº 1 (oct. 1998)wREV30868 c31563d31563